书目信息 |
| 题名: |
通货膨胀概说
|
|
| 作者: | ;南开大学经济研究所世界经济研究室等 编 | |
| 分册: | ||
| 出版信息: | 北京 商务印书馆 1979 |
|
| 页数: | 179页 | |
| 开本: | 19cm | |
| 丛书名: | ||
| 单 册: | ||
| 中图分类: | F821.5 | |
| 科图分类: | ||
| 主题词: | 通货膨胀--概论 | |
| 电子资源: | ||
| ISBN: | ||
| 000 | 00669nam0 2200217 45 | |
| 001 | 0179007804 | |
| 005 | 20060721152549.32 | |
| 010 | @dCNY0.46 | |
| 091 | @aCN@b4017.206 | |
| 100 | @a19950714d1979 em y0chiy0121 ea | |
| 101 | 0 | @achi |
| 102 | @aCN@b110000 | |
| 105 | @ay z 000yy | |
| 200 | 10 | @a通货膨胀概说@Atong huo peng zhang gai shuo@f南开大学经济研究所世界经济研究室等编 |
| 210 | @a北京@c商务印书馆@d1979 | |
| 215 | @a179页@d19cm | |
| 606 | @a通货膨胀@x概论 | |
| 690 | @aF821.5@v3 | |
| 711 | 02 | @a南开大学经济研究所世界经济研究室等@Anan kai da xue jing ji yan jiu suo shi jie jing ji yan jiu shi deng@4编 |
| 801 | 0 | @aCN@bTSSF@c20060721 |
| 905 | @dF821.5@e34 | |
| 通货膨胀概说/南开大学经济研究所世界经济研究室等编.-北京:商务印书馆,1979 |
| 179页;19cm |
| ISBN :CNY0.46 |
| ● |
| 相关链接 |
|
|
|
|
正题名:通货膨胀概说
索取号:F821.5/34
 
预约/预借
| 序号 | 登录号 | 条形码 | 馆藏地/架位号 | 状态 | 备注 |
| 1 | 0424789 | 204247895 | 密集书库/ [索取号:F821.5/34] | 在馆 |